000 00758nam a22002417a 4500
001 75220
003 UA-OsUOA
005 20210414205409.0
007 ta
008 20110512b un ||||| |||| 00| 0 ukr d
020 _a5770790202
040 _aUA-OsUOA
_bukr
_cUA-OsUOA
_dUA-OsUOA
041 _aukr
080 _a94(477.82)"1939/44"
090 _a94(477.82)"1939/44"
_bД18
100 _aДанилюк В. О.
245 _aВірити занадто боляче... Волинь : хроніка подій
_bхудожньо-документальна повість
260 _aЛуцьк
_bІніціал
_c1995
300 _a224 с.
650 7 _a9 Географія. Біографії. Історія
_2UDC
942 _cBK
_2udc
955 _a3
999 _c361517
_d361517